00523nam a2200169Ia 4500008004100000020001800041100002400059245002000083250001200103260001000115500002400125650001200149942000700161952008400168952008400252999001700336230524s9999 xx 000 0 und d a9788126511174 aStephen Gasiorowicz 0aQuantum Physics a3rd ed. bWiley aQuantity Number: 2 aPhysics cBK 00104070aTATCLbTATCLcGENd2023-05-24l0p45855r2023-05-24w2023-05-24yBK 00104070aTATCLbTATCLcGENd2023-05-24l0p45856r2023-05-24w2023-05-24yBK c51277d51277